| 000 | 00736nam a2200217 a 4500 | ||
|---|---|---|---|
| 001 | BRCA_7021 | ||
| 005 | 20190320205659.0 | ||
| 008 | 291111s1914----mx-#######---#000-0#spa-# | ||
| 041 | _aspa | ||
| 050 | 4 | _bS63 1914 | |
| 110 | 2 |
_aSociedad Astronómica de México _917465 |
|
| 245 | 1 | 0 |
_aBoletín mensual de la Sociedad Astronómica de México _cfundador Luis G. Leon. |
| 260 |
_aMéxico _bSecretaría de la Sociedad _c1914 |
||
| 300 |
_a106-136 p. _c20 cm. |
||
| 500 | _aLa biblioteca cuenta con el Tomo xiii, Números: 149, 150, 151, 152 y 153 | ||
| 500 | _aRevista inventariada por el Banco de México como libro | ||
| 500 | _aL196a | ||
| 650 | 1 | 4 |
_aAstronomía _vPublicaciones periódicas _917466 |
| 902 | _aGFM | ||
| 942 |
_2lcc _cB |
||
| 999 |
_c6702 _d6702 |
||